000 00424nam a2200181Ia 4500
001 8196
005 20260306160551.0
008 260306t2015||||xx |||||||||||||| ||spa||
041 _aESP
082 _a370.15
_bC95
100 _aCuevas Cipriano, Rudy
_eAUT
245 0 _aPsicologĂ­a del aprendizaje
260 _c2015
300 _a549 páginas :
_c24 cm.
650 _aGEN
654 _aCED
942 _cLIB
_dJUS
_fJUS
_2ddc
_n
999 _c8196
_d8196